Options markets / (Record no. 1757)
[ view plain ]
| 000 -LEADER | |
|---|---|
| fixed length control field | 00709nac a22002051u 4500 |
| 010 ## - LIBRARY OF CONGRESS CONTROL NUMBER | |
| LC control number | 84024764 |
| 020 ## - INTERNATIONAL STANDARD BOOK NUMBER | |
| International Standard Book Number | 0136382053 |
| 082 00 - DEWEY DECIMAL CLASSIFICATION NUMBER | |
| Classification number | 332.6452 |
| Item number | C8771 |
| 090 ## - LOCALLY ASSIGNED LC-TYPE CALL NUMBER (OCLC); LOCAL CALL NUMBER (OCLC) | |
| -- | 1757 |
| -- | 1757 |
| 100 ## - MAIN ENTRY--PERSONAL NAME | |
| Personal name | Cox, John C. |
| 245 10 - TITLE STATEMENT | |
| Title | Options markets / |
| Statement of responsibility, etc | John C. Cox, Mark Rubinstein. |
| 260 ## - PUBLICATION, DISTRIBUTION, ETC. (IMPRINT) | |
| Place of publication, distribution, etc | Englewood Cliffs, N.J. : |
| Name of publisher, distributor, etc | Prentice-Hall, |
| Date of publication, distribution, etc | c1985. |
| 300 ## - PHYSICAL DESCRIPTION | |
| Extent | ix, 498 p. : |
| Other physical details | ill. ; |
| Dimensions | 24 cm. |
| 500 ## - GENERAL NOTE | |
| General note | Includes index. |
| 504 ## - BIBLIOGRAPHY, ETC. NOTE | |
| Bibliography, etc | Bibliography: p. 478-492. |
| 650 #0 - SUBJECT ADDED ENTRY--TOPICAL TERM | |
| Topical term or geographic name as entry element | Options (Finance) |
| 700 1# - ADDED ENTRY--PERSONAL NAME | |
| Personal name | Rubinstein, Mark, |
| Dates associated with a name | 1944- |
| 942 ## - ADDED ENTRY ELEMENTS (KOHA) | |
| Item type | Book - Borrowing |
| Call number prefix | 332.6452C8771 |
| Withdrawn status | Item status | Damaged status | Not for loan | Home library | Current library | Shelving location | Date acquired | Source of acquisition | Total Checkouts | Full call number | Barcode | Date last seen | Koha item type |
|---|---|---|---|---|---|---|---|---|---|---|---|---|---|
| Central Library | Central Library | First floor | 06/12/2013 | Purchase | 332.6452 COX | 000002560 | 15/07/2025 | Book - Borrowing |